[Event "Mercredi 2019.02.20 ABCD"]
[Site "Montreal CAN"]
[Date "2019.03.13"]
[Round "4"]
[White "Pomerantz, Daniel"]
[Black "Yu, Zong Yang"]
[Result "1/2-1/2"]
[WhiteElo "2165"]
[BlackElo "2439"]
[PlyCount "108"]
[EventDate "2019.02.20"]
[EventType "tourn"]
[EventRounds "5"]
[EventCountry "CAN"]

1. e4 c6 2. d4 d5 3. e5 Bf5 4. Nf3 e6 5. Be2 c5 6. Be3 cxd4 7. Nxd4 Ne7 8. O-O
Nbc6 9. c4 dxc4 10. Bxc4 Nxd4 11. Bxd4 Nc6 12. Bb5 Be7 13. Bxc6+ bxc6 14. Nc3
O-O 15. Re1 Qb8 16. Ne4 Rd8 17. Qa4 Qb5 18. Qxb5 cxb5 19. Nd6 Bxd6 20. exd6
Rxd6 21. Bc3 f6 22. Rad1 Rad8 23. Rxd6 Rxd6 24. f3 e5 25. Kf2 Be6 26. a3 Kf7
27. Re2 g5 28. Rd2 Bd5 29. Bb4 Rd7 30. Rc2 e4 31. fxe4 Bxe4 32. Rd2 Rc7 33. Bc3
Ke6 34. Ke3 Bb7 35. Rf2 f5 36. g3 Rc4 37. Rd2 Bd5 38. Rd4 Rc7 39. Rd2 Rc8 40.
Re2 Rc4 41. Kf2+ Be4 42. Rd2 Rc8 43. Ke3 a6 44. Rd4 Bd5 45. Rd2 Rc4 46. Rd4 Rc7
47. Rd2 Rf7 48. Rf2 Bb7 49. Bb4 Kd5 50. Rc2 f4+ 51. gxf4 gxf4+ 52. Kf2 Ke4 53.
Re2+ Kd3 54. Re7 Rxe7 1/2-1/2

[Event "Mercredi 2019.02.20 ABCD"]
[Site "Montreal CAN"]
[Date "2019.03.13"]
[Round "4"]
[White "Zheng, Richard"]
[Black "Feoktistov, Dmitri"]
[Result "0-1"]
[WhiteElo "2120"]
[BlackElo "2129"]
[PlyCount "128"]
[EventDate "2019.02.20"]
[EventType "tourn"]
[EventRounds "5"]
[EventCountry "CAN"]

1. b3 f5 2. Bb2 Nf6 3. e3 e6 4. Nf3 Be7 5. Be2 O-O 6. c4 b6 7. O-O Bb7 8. Nc3
a5 9. d4 Na6 10. Nd2 g5 11. Bf3 Qc8 12. Bxb7 Qxb7 13. Qf3 Qxf3 14. Nxf3 g4 15.
Ne5 Rad8 16. Rfd1 Nb8 17. Nd3 d6 18. Nf4 Kf7 19. d5 exd5 20. cxd5 Rc8 21. Nb5
Na6 22. Nd4 Ne4 23. f3 Ng5 24. Nxf5 gxf3 25. h4 f2+ 26. Kxf2 Ne4+ 27. Kf3 Nac5
28. g4 Bf6 29. Bxf6 Nxf6 30. Nd3 h5 31. g5 Ng4 32. Nxc5 bxc5 33. e4 Rce8 34.
Re1 Kg6 35. Kg3 Re5 36. Re2 Rb8 37. Rb1 a4 38. Kf3 Rb4 39. Ng3 Re8 40. Reb2
Reb8 41. Ne2 Ne5+ 42. Ke3 Nc4+ 43. bxc4 Rxb2 44. Nf4+ Kh7 45. Rg1 Rh2 46. g6+
Kh6 47. g7 Rg8 48. Rg6+ Kh7 49. Rg5 Rxg7 50. Rxh5+ Kg8 51. Ne6 Rg4 52. Kf3
Rgxh4 53. Rxh4 Rxh4 54. Nxc7 Kf7 55. Nb5 Ke7 56. a3 Rh3+ 57. Ke2 Kf6 58. Nxd6
Rxa3 59. Nb7 Rh3 60. d6 a3 61. d7 Rh8 62. Nxc5 a2 63. Nb3 Ke7 64. Kd3 Rh3+ 0-1

[Event "Mercredi 2019.02.20 ABCD"]
[Site "Montreal CAN"]
[Date "2019.03.20"]
[Round "5"]
[White "Audet, Eric"]
[Black "Bernardi, Felipe"]
[Result "1-0"]
[WhiteElo "1669"]
[BlackElo "1637"]
[PlyCount "181"]
[EventDate "2019.02.20"]
[EventType "tourn"]
[EventRounds "5"]
[EventCountry "CAN"]

1. e4 c5 2. Nf3 Nc6 3. d4 cxd4 4. Nxd4 d6 5. c4 g6 6. Nc3 Bg7 7. Be3 Nf6 8. Be2
O-O 9. f3 a6 10. Qd2 Nxd4 11. Bxd4 Bd7 12. O-O h5 13. Rac1 Kh7 14. b3 Rc8 15.
Kh1 Qa5 16. Rfd1 b5 17. Rc2 bxc4 18. Bxc4 Bb5 19. Nxb5 Qxd2 20. Rcxd2 axb5 21.
Bxb5 Bh6 22. Re2 Ng8 23. Bc4 Rc7 24. Kg1 g5 25. e5 dxe5 26. Bxe5 Ra7 27. a4 e6
28. g3 Ne7 29. Red2 Nf5 30. Bd3 g4 31. Bxf5+ exf5 32. f4 Rb7 33. Rd3 Kg6 34.
Bb2 f6 35. Ba3 Ra8 36. Rc1 h4 37. Rc6 h3 38. Kf2 Bg7 39. Ke2 Re8+ 40. Kd2 Ra8
41. Bb2 Rab8 42. Kc2 Re8 43. Kd2 Reb8 44. Kc2 Re8 45. Kd1 Reb8 46. a5 Rxb3 47.
Rxb3 Rxb3 48. Kc2 Rb5 49. Bc3 Rb8 50. a6 Ra8 51. Bd4 Kh7 52. a7 Bh6 53. Rc7+
Kg6 54. Be3 Bf8 55. Rb7 Bd6 56. Kb3 Re8 57. Bd4 Ra8 58. Ka4 Rc8 59. Kb5 Ra8 60.
Be3 Re8 61. Rb6 Bc7 62. Ra6 Ra8 63. Kc6 Bb8 64. Kb7 Bxa7 65. Rxa7 Rd8 66. Ra2
Rd3 67. Re2 Rd5 68. Kc6 Rd3 69. Kc5 Rd7 70. Bd4 Ra7 71. Kd5 Rd7+ 72. Kc4 Rc7+
73. Kd3 Rd7 74. Re6 Rf7 75. Kc4 Rc7+ 76. Kd5 Rc2 77. Rxf6+ Kh7 78. Rxf5 Rxh2
79. Rh5+ Kg6 80. Rg5+ Kf7 81. Rxg4 Rg2 82. Be5 Rg1 83. Rh4 Rxg3 84. Ke4 Rb3 85.
Kf5 Ke7 86. Rh7+ Kd8 87. Kg4 Rb1 88. Rxh3 Ke8 89. Rh7 Rg1+ 90. Kf5 Rg8 91. Rh8
1-0

[Event "Mercredi 2019.02.20 ABCD"]
[Site "Montreal CAN"]
[Date "2019.03.20"]
[Round "5"]
[White "Feoktistov, Dmitri"]
[Black "Pomerantz, Daniel"]
[Result "1-0"]
[WhiteElo "2129"]
[BlackElo "2165"]
[PlyCount "65"]
[EventDate "2019.02.20"]
[EventType "tourn"]
[EventRounds "5"]
[EventCountry "CAN"]

1. d4 Nf6 2. c4 e6 3. Nc3 Bb4 4. Qc2 O-O 5. e4 d6 6. a3 Bxc3+ 7. bxc3 Nfd7 8.
Bd3 e5 9. Ne2 Nc6 10. O-O b6 11. f4 Ba6 12. Rd1 Na5 13. c5 Bxd3 14. Qxd3 Nb3
15. Rb1 Nxc1 16. Rbxc1 exd4 17. cxd6 cxd6 18. cxd4 Rc8 19. Qa6 Nf6 20. Nc3 Rc7
21. e5 Qc8 22. Qd3 dxe5 23. fxe5 Ne4 24. Nd5 Rxc1 25. Ne7+ Kh8 26. Nxc8 Rfxc8
27. Qf1 R1c2 28. Qxf7 R2c7 29. Qf3 Ng5 30. Qf5 h6 31. d5 Re8 32. h4 Rf7 33. Qg6
1-0

[Event "Mercredi 2019.02.20 ABCD"]
[Site "Montreal CAN"]
[Date "2019.03.20"]
[Round "5"]
[White "Guipi Bopala, Prince Eric jr"]
[Black "Kapush, Oleksandr"]
[Result "1/2-1/2"]
[WhiteElo "1826"]
[BlackElo "1857"]
[PlyCount "76"]
[EventDate "2019.02.20"]
[EventType "tourn"]
[EventRounds "5"]
[EventCountry "CAN"]

1. d4 Nf6 2. Bf4 c5 3. d5 b5 4. e3 Qa5+ 5. c3 Bb7 6. d6 Qb6 7. dxe7 Bxe7 8. h3
O-O 9. Nf3 d5 10. Be2 Nbd7 11. O-O a5 12. Nbd2 a4 13. b3 axb3 14. axb3 Rxa1 15.
Qxa1 Ra8 16. Qb2 Ne4 17. Nxe4 dxe4 18. Ne5 Nxe5 19. Bxe5 Qe6 20. Bg3 Qa6 21.
Rd1 h6 22. c4 b4 23. Be5 f6 24. Ra1 Qxa1+ 25. Qxa1 Rxa1+ 26. Bxa1 Kf7 27. f3
exf3 28. Bxf3 Bxf3 29. gxf3 Ke6 30. e4 Bd6 31. Bb2 Bf4 32. Kf2 h5 33. Ke2 Kf7
34. Kf2 Kg6 35. Ke2 Kg5 36. Kf2 Kh4 37. Kg2 Kg5 38. Kf2 Kh4 1/2-1/2

[Event "Mercredi 2019.02.20 ABCD"]
[Site "Montreal CAN"]
[Date "2019.03.20"]
[Round "5"]
[White "Have, Didier"]
[Black "Baran, Marius"]
[Result "1-0"]
[WhiteElo "2077"]
[BlackElo "1865"]
[PlyCount "94"]
[EventDate "2019.02.20"]
[EventType "tourn"]
[EventRounds "5"]
[EventCountry "CAN"]

1. d4 d5 2. Bf4 Nf6 3. e3 e6 4. c3 c5 5. Nd2 Nc6 6. Ngf3 Bd6 7. Bg3 O-O 8. Bd3
b6 9. Ne5 Bb7 10. f4 Ne7 11. Qf3 Nf5 12. Bf2 Be7 13. O-O Nd6 14. Qe2 Nfe4 15.
Nef3 Qc7 16. Rac1 Rfc8 17. c4 Ba6 18. cxd5 Bxd3 19. Qxd3 c4 20. Qc2 exd5 21.
Nxe4 Nxe4 22. Nd2 Nxd2 23. Qxd2 Qd7 24. Qc2 f5 25. Kh1 g6 26. h3 Kf7 27. Bg1 b5
28. g4 Rg8 29. b3 a5 30. bxc4 bxc4 31. e4 fxe4 32. f5 Kg7 33. Bh2 Bf6 34. fxg6
hxg6 35. Rxf6 Kxf6 36. Qf2+ Ke7 37. Qh4+ Ke8 38. Qf6 Rd8 39. Rf1 Qe7 40. Qc6+
Qd7 41. Qb6 Rc8 42. Rf6 Rg7 43. Bd6 Rg8 44. Be5 Ke7 45. Rd6 Rgd8 46. Rxd7+ Rxd7
47. Qf6+ Ke8 1-0

[Event "Mercredi 2019.02.20 ABCD"]
[Site "Montreal CAN"]
[Date "2019.03.20"]
[Round "5"]
[White "Jean, Robert"]
[Black "Ostaci, Liviu"]
[Result "1-0"]
[WhiteElo "1745"]
[BlackElo "1692"]
[PlyCount "49"]
[EventDate "2019.02.20"]
[EventType "tourn"]
[EventRounds "5"]
[EventCountry "CAN"]

1. d4 e6 2. e4 d5 3. e5 c5 4. c3 Nc6 5. Nf3 Bd7 6. a3 c4 7. Be2 f5 8. O-O Nge7
9. Nbd2 Ng6 10. b3 b5 11. Re1 Be7 12. b4 O-O 13. Nf1 a5 14. Bd2 a4 15. g3 f4
16. Kg2 Rf7 17. h4 fxg3 18. fxg3 Nh8 19. N1h2 Qc7 20. Ng5 Bxg5 21. Bxg5 Raf8
22. Be3 Be8 23. Bh5 Rf5 24. Bg4 Bg6 25. h5 1-0

[Event "Mercredi 2019.02.20 ABCD"]
[Site "Montreal CAN"]
[Date "2019.03.20"]
[Round "5"]
[White "Lopez Linares, Lizandro"]
[Black "Zheng, Richard"]
[Result "1-0"]
[WhiteElo "2250"]
[BlackElo "2120"]
[PlyCount "77"]
[EventDate "2019.02.20"]
[EventType "tourn"]
[EventRounds "5"]
[EventCountry "CAN"]

1. d4 d5 2. Nf3 Nf6 3. c4 c6 4. Nc3 e6 5. Bg5 dxc4 6. e4 b5 7. e5 h6 8. Bh4 g5
9. exf6 gxh4 10. Ne5 Qxf6 11. a4 Bb4 12. Be2 Bb7 13. Bf3 Qe7 14. O-O Bxc3 15.
bxc3 Qc7 16. Re1 Rf8 17. axb5 cxb5 18. d5 Nd7 19. Nxd7 Qxd7 20. Qd4 h3 21. Rad1
O-O-O 22. Qc5+ Qc7 23. Qxb5 Bxd5 24. Bxd5 Rxd5 25. Rxd5 exd5 26. Qxd5 Rd8 27.
Qf5+ Qd7 28. Qf3 hxg2 29. Qa8+ Kc7 30. Qxa7+ Kc8 31. Qa6+ Qb7 32. Qxc4+ Qc7 33.
Qg4+ Qd7 34. Qh5 Qc6 35. Qxf7 Qxc3 36. Rb1 Qc6 37. Qa7 Qc7 38. Qa6+ Kd7 39. Rb7
1-0

[Event "Mercredi 2019.02.20 ABCD"]
[Site "Montreal CAN"]
[Date "2019.02.21"]
[Round "5"]
[White "Millette, Sylvain"]
[Black "Gauthier, Luc"]
[Result "0-1"]
[WhiteElo "1682"]
[BlackElo "1631"]
[PlyCount "94"]
[EventDate "2019.02.20"]
[EventType "tourn"]
[EventRounds "5"]
[EventCountry "CAN"]

1. Nf3 d5 2. g3 Nc6 3. c4 d4 4. d3 e5 5. e3 Bb4+ 6. Bd2 dxe3 7. fxe3 Bxd2+ 8.
Qxd2 Nf6 9. Nc3 Bg4 10. Bg2 Qd7 11. O-O-O O-O-O 12. h3 Bh5 13. g4 Bg6 14. d4
Qe7 15. Nh4 exd4 16. Nxg6 hxg6 17. Nd5 Nxd5 18. cxd5 dxe3 19. Qc3 e2 20. Rde1
Nb4 21. Qb3 Qc5+ 22. Kb1 Rhe8 23. Rc1 Qb5 24. Ka1 Qb6 25. a3 Na6 26. Qf3 f6 27.
Rhe1 Re3 28. Qf4 Re5 29. Rc2 Nc5 30. Qc4 Qa5 31. Rexe2 Rxe2 32. Rxe2 Qb6 33.
Ka2 Qd6 34. Rc2 Nd7 35. Qe4 Ne5 36. Qa4 Kb8 37. Qb3 Qb6 38. Qc3 Rd6 39. Re2 g5
40. Rc2 Ng6 41. a4 a5 42. Be4 Nf4 43. Qf3 Qb4 44. b3 Qd4 45. Rc4 Qe5 46. Qe3
Nxd5 47. Qc5 Nb4+ 0-1

[Event "Mercredi 2019.02.20 ABCD"]
[Site "Montreal CAN"]
[Date "2019.03.20"]
[Round "5"]
[White "Nica, Ion"]
[Black "Monot, Antonin"]
[Result "1/2-1/2"]
[WhiteElo "1660"]
[BlackElo "1647"]
[PlyCount "65"]
[EventDate "2019.02.20"]
[EventType "tourn"]
[EventRounds "5"]
[EventCountry "CAN"]

1. b3 b6 2. Bb2 Bb7 3. e3 d6 4. f4 Nf6 5. Nf3 Nbd7 6. Be2 g6 7. g4 Rg8 8. g5
Nh5 9. Rg1 Bg7 10. Nc3 Bxc3 11. Bxc3 e6 12. d3 Qe7 13. Qd2 Ng7 14. O-O-O O-O-O
15. Kb1 e5 16. fxe5 Nxe5 17. Nd4 Ne6 18. Nxe6 fxe6 19. Bxe5 dxe5 20. Qc3 Qd6
21. e4 Qd4 22. Qxd4 exd4 23. Bg4 Kd7 24. Rdf1 Rgf8 25. Rf6 Rxf6 26. gxf6 Rf8
27. e5 Bd5 28. h4 Ke8 29. h5 Kf7 30. h6 c5 31. a3 a5 32. a4 Rd8 33. Be2 1/2-1/2

[Event "Mercredi 2019.02.20 ABCD"]
[Site "Montreal CAN"]
[Date "2019.03.08"]
[Round "5"]
[White "Yu, Zong Yang"]
[Black "Abdelaal, Ibrahim"]
[Result "1-0"]
[WhiteElo "2439"]
[BlackElo "2099"]
[PlyCount "39"]
[EventDate "2019.02.20"]
[EventType "tourn"]
[EventRounds "5"]
[EventCountry "CAN"]

1. Nf3 b5 2. e4 Bb7 3. Bxb5 Bxe4 4. O-O e6 5. d4 Nf6 6. c4 c6 7. Ba4 Qa5 8. Nc3
Bxf3 9. Qxf3 Bb4 10. Bc2 Bxc3 11. bxc3 d5 12. Bf4 Nbd7 13. c5 O-O 14. Rfe1 Rfe8
15. Bd6 Qa3 16. Qd3 Ne4 17. f3 Nef6 18. Rab1 Qxa2 19. Ra1 Qc4 20. Qd2 1-0

[Event "Mercredi 2019.04.03 ABCD"]
[Site "Montreal CAN"]
[Date "2019.04.03"]
[Round "1"]
[White "Baran, Marius"]
[Black "Nardone, Raul"]
[Result "1-0"]
[WhiteElo "1845"]
[BlackElo "1805"]
[PlyCount "109"]
[EventDate "2019.04.03"]
[EventType "tourn"]
[EventRounds "5"]
[EventCountry "CAN"]

1. e4 c5 2. Nc3 Nc6 3. f4 g6 4. Nf3 Bg7 5. Bb5 Nd4 6. O-O e6 7. Kh1 a6 8. Be2
Ne7 9. d3 d6 10. Bd2 b5 11. a3 Rb8 12. Rb1 b4 13. axb4 cxb4 14. Nxd4 Bxd4 15.
Na2 b3 16. cxb3 Bd7 17. Bc3 Nc6 18. b4 Qb6 19. Qe1 O-O 20. Ra1 Rbe8 21. Nc1 e5
22. f5 f6 23. fxg6 hxg6 24. Bd1 Kg7 25. Bb3 Be3 26. Bc4 Bc8 27. Rf3 Bg5 28. Ne2
Rh8 29. Qf2 Qxf2 30. Rxf2 Nb8 31. Ng1 Be3 32. Re2 Bf4 33. Nf3 g5 34. Bd2 g4 35.
Bxf4 gxf3 36. gxf3 exf4 37. Rg2+ Kf8 38. Rag1 Rh7 39. Rg8+ Ke7 40. Rxe8+ Kxe8
41. Rg8+ Kd7 42. Rf8 Nc6 43. Rxf6 Ke7 44. Rxf4 Ne5 45. b3 Nxc4 46. bxc4 Be6 47.
Kg2 Rg7+ 48. Kf2 Bh3 49. Rh4 Be6 50. f4 Bg4 51. f5 Bd1 52. Rh6 Rf7 53. h4 Kd7
54. Ke3 Bc2 55. Rh8 1-0

[Event "Mercredi 2019.04.03 ABCD"]
[Site "Montreal CAN"]
[Date "2019.04.03"]
[Round "1"]
[White "Barko, Maxim"]
[Black "Guipi Bopala, Prince Eric jr"]
[Result "1-0"]
[WhiteElo "1833"]
[BlackElo "1843"]
[PlyCount "99"]
[EventDate "2019.04.03"]
[EventType "tourn"]
[EventRounds "5"]
[EventCountry "CAN"]

1. d4 d5 2. c4 dxc4 3. e4 e5 4. Nf3 exd4 5. Bxc4 Bb4+ 6. Nbd2 Ne7 7. Bxf7+ Kxf7
8. Qb3+ Ke8 9. Qxb4 Nbc6 10. Qb3 h6 11. Nf1 Qd6 12. a3 b6 13. Ng3 Bb7 14. O-O
Rd8 15. Nh5 Kd7 16. Nh4 g5 17. Ng7 Kc8 18. Nhf5 Nxf5 19. Nxf5 Qe5 20. Re1 Rhe8
21. Bd2 Qf6 22. Rac1 Ne7 23. Qc2 c5 24. b4 Nxf5 25. exf5 Qc6 26. f3 Rxe1+ 27.
Bxe1 d3 28. Qf2 c4 29. Bc3 Re8 30. Re1 Rxe1+ 31. Qxe1 Qd7 32. f6 Bd5 33. Qe3
Qe6 34. Kf2 Kc7 35. a4 a6 36. h3 Kb7 37. Qd2 Kc7 38. Qb2 Kb7 39. Qd2 Kc6 40.
Bd4 Kb7 41. Qb2 Kc8 42. Be3 Kb7 43. Qd4 Kc7 44. Ke1 Kb7 45. Kd2 Kc7 46. Kc3 Kb7
47. f7 Qxf7 48. Qxb6+ Kc8 49. Qxa6+ Kd7 50. Qxh6 1-0

[Event "Mercredi 2019.04.03 ABCD"]
[Site "Montreal CAN"]
[Date "2019.04.03"]
[Round "1"]
[White "Feoktistov, Dmitri"]
[Black "Zheng, Richard"]
[Result "1/2-1/2"]
[WhiteElo "2172"]
[BlackElo "2150"]
[PlyCount "157"]
[EventDate "2019.04.03"]
[EventType "tourn"]
[EventRounds "5"]
[EventCountry "CAN"]

1. d4 d5 2. c4 c6 3. Nf3 Nf6 4. e3 e6 5. Nbd2 Bd6 6. Bd3 Nbd7 7. O-O O-O 8. e4
dxe4 9. Nxe4 Nxe4 10. Bxe4 Nf6 11. Bc2 h6 12. b3 b6 13. Bb2 Bb7 14. Qd3 Re8 15.
Rfe1 Qe7 16. Ne5 Rad8 17. Ng4 Kf8 18. Nxf6 Qxf6 19. Qh7 c5 20. dxc5 Qxb2 21.
cxd6 Rxd6 22. Rad1 Red8 23. Rxd6 Rxd6 24. Qh8+ Ke7 25. Qb8 Rd7 26. Bb1 Qe2 27.
Rf1 Qg4 28. f3 Qd4+ 29. Kh1 Qd1 30. Kg1 Qd4+ 31. Kh1 Qf2 32. Bd3 Qxa2 33. Be4
Qe2 34. Kg1 Qe3+ 35. Kh1 Bxe4 36. fxe4 Qxe4 37. Qg8 Qf5 38. Kg1 Qc5+ 39. Kh1
Qf2 40. Ra1 Qe2 41. h3 Rd1+ 42. Rxd1 Qxd1+ 43. Kh2 Qd4 44. Qa8 a5 45. Qb7+ Kf6
46. Qf3+ Ke5 47. Qh5+ f5 48. Qf7 Ke4 49. Kh1 e5 50. Qxg7 Qd1+ 51. Kh2 Qxb3 52.
Qxh6 Qxc4 53. Qxb6 a4 54. Qb7+ Kd4 55. Qa7+ Kd3 56. Qa5 e4 57. Qxf5 a3 58. Qf1+
Kc3 59. Qc1+ Kb4 60. Qd2+ Kb3 61. Qd1+ Kb2 62. Qd2+ Qc2 63. Qd4+ Kb1 64. Qb6+
Qb2 65. Qg1+ Ka2 66. Qc5 Qb8+ 67. Kh1 Qb1+ 68. Kh2 Qd3 69. Qf2+ Kb3 70. Qb6+
Kc4 71. Qc6+ Kd4 72. Qb6+ Ke5 73. Qc5+ Ke6 74. Qc8+ Kd5 75. Qd7+ Kc4 76. Qc6+
Kb3 77. Qb6+ Kc3 78. Qc5+ Kb3 79. Qb6+ 1/2-1/2

[Event "Mercredi 2019.04.03 ABCD"]
[Site "Montreal CAN"]
[Date "2019.04.03"]
[Round "1"]
[White "Gates, Claude-Eric"]
[Black "Jean, Robert"]
[Result "1/2-1/2"]
[WhiteElo "1835"]
[BlackElo "1821"]
[PlyCount "80"]
[EventDate "2019.04.03"]
[EventType "tourn"]
[EventRounds "5"]
[EventCountry "CAN"]

1. e4 c5 2. d4 cxd4 3. c3 Nf6 4. e5 Nd5 5. Qxd4 e6 6. Nf3 Nc6 7. Qe4 Qc7 8. g3
d6 9. exd6 Bxd6 10. Bg2 h6 11. O-O Nf6 12. Qe2 O-O 13. Nbd2 Re8 14. Nb3 e5 15.
Be3 Bg4 16. Qd2 Rad8 17. Qc1 Bf8 18. h3 Bc8 19. Rd1 b6 20. Rxd8 Rxd8 21. Qf1
Be6 22. Rd1 Nd5 23. Bc1 a5 24. Nh2 f5 25. Nf3 Nf6 26. Nh4 Ne7 27. Bf3 g5 28.
Ng2 Kg7 29. h4 Kg6 30. Qe1 a4 31. Nd2 Bxa2 32. hxg5 hxg5 33. Nf1 e4 34. Be2 Bb3
35. Rxd8 Qxd8 36. Be3 Qd6 37. Nd2 Ned5 38. Nxb3 Nxe3 39. Nxe3 axb3 40. Qd1 f4
1/2-1/2

[Event "Mercredi 2019.04.03 ABCD"]
[Site "Montreal CAN"]
[Date "2019.04.03"]
[Round "1"]
[White "Gauthier, Luc"]
[Black "Audet, Eric"]
[Result "1/2-1/2"]
[WhiteElo "1742"]
[BlackElo "1729"]
[PlyCount "138"]
[EventDate "2019.04.03"]
[EventType "tourn"]
[EventRounds "5"]
[EventCountry "CAN"]

1. e4 c6 2. d4 d5 3. exd5 cxd5 4. Bd3 Nc6 5. c3 Qc7 6. Ne2 Bg4 7. f3 Bd7 8. Bf4
e5 9. dxe5 Nxe5 10. Bc2 Bd6 11. Bg3 Nc4 12. Bxd6 Qxd6 13. Qd4 Nxb2 14. Qxg7 Qf6
15. Qxf6 Nxf6 16. Nd2 Na4 17. Bxa4 Bxa4 18. Nb3 Rc8 19. Kf2 O-O 20. Nbd4 Bd7
21. Rab1 b6 22. g4 Rc4 23. Rb4 Rxb4 24. cxb4 Rc8 25. Rc1 Rc4 26. Rxc4 dxc4 27.
b5 Nd5 28. Nc6 a6 29. a4 axb5 30. axb5 Bxc6 31. bxc6 Kf8 32. Nc3 Nc7 33. Ke3
Ke7 34. Kd4 Kd6 35. Kxc4 Kxc6 36. Ne4 Ne6 37. g5 Nc5 38. Nf6 Nd7 39. Nxh7 Ne5+
40. Kb4 Nxf3 41. h3 b5 42. h4 Nxh4 43. Nf6 Nf3 44. Ne4 Kb6 45. Nd6 Nxg5 46.
Nxb5 Kc6 47. Kc4 Ne6 48. Nc3 Kd6 49. Kd3 Ke5 50. Ke3 Ng5 51. Ne2 Ne6 52. Ng3
Nd4 53. Nh5 f5 54. Nf4 Nc2+ 55. Kf3 Ne1+ 56. Ke3 Nc2+ 57. Kf3 Nb4 58. Ke3 Nd5+
59. Nxd5 Kxd5 60. Kf4 Ke6 61. Kf3 Ke5 62. Ke3 f4+ 63. Kf3 Kf5 64. Kf2 Ke4 65.
Ke2 f3+ 66. Kf2 Kf4 67. Kf1 Kg3 68. Kg1 f2+ 69. Kf1 Kf3 1/2-1/2

[Event "Mercredi 2019.04.03 ABCD"]
[Site "Montreal CAN"]
[Date "2019.04.03"]
[Round "1"]
[White "Lescarbeau, Martin"]
[Black "Millette, Sylvain"]
[Result "0-1"]
[WhiteElo "1778"]
[BlackElo "1724"]
[PlyCount "69"]
[EventDate "2019.04.03"]
[EventType "tourn"]
[EventRounds "5"]
[EventCountry "CAN"]

1. d4 Nf6 2. Nc3 d5 3. Bf4 c6 4. e3 g6 5. Be2 Bg7 6. h4 h5 7. Qd2 Nbd7 8. f3
Nb6 9. O-O-O Nfd7 10. Bg5 Qc7 11. e4 f6 12. Bf4 e5 13. Bg3 Bh6 14. f4 exd4 15.
Qxd4 Bxf4+ 16. Bxf4 Qxf4+ 17. Kb1 Qe5 18. exd5 Qxd4 19. Rxd4 Nxd5 20. Nxd5 cxd5
21. Rxd5 Nb6 22. Bb5+ Bd7 23. Bxd7+ Nxd7 24. Nf3 Nb6 25. Re1+ Kf7 26. Rb5 Rhe8
27. Rf1 Re2 28. a4 Re7 29. b3 Rd8 30. a5 Nd5 31. Kb2 Rdd7 32. Rf2 Ne3 33. Ne5+
Rxe5 34. Rxe5 Nd1+ 35. Ka3 0-1

[Event "Mercredi 2019.04.03 ABCD"]
[Site "Montreal CAN"]
[Date "2019.04.03"]
[Round "1"]
[White "Lopez Linares, Lizandro"]
[Black "Tremblay, Alain"]
[Result "1/2-1/2"]
[WhiteElo "2239"]
[BlackElo "2078"]
[PlyCount "116"]
[EventDate "2019.04.03"]
[EventType "tourn"]
[EventRounds "5"]
[EventCountry "CAN"]

1. d4 f5 2. Nf3 d6 3. g3 Nf6 4. Bg2 g6 5. O-O Bg7 6. b3 O-O 7. Bb2 c6 8. c4 a5
9. a3 Na6 10. Qc2 Qe8 11. Nbd2 h6 12. Rac1 g5 13. e3 Bd7 14. Rfe1 Qf7 15. Bf1
Qh5 16. Bg2 Qf7 17. Rf1 Nc7 18. Rce1 Qh5 19. Bc3 Ng4 20. Re2 b6 21. Rfe1 Rae8
22. Nf1 Rf7 23. N3d2 e5 24. dxe5 dxe5 25. f3 Nf6 26. Qb2 Rfe7 27. b4 a4 28. e4
f4 29. g4 Qf7 30. Qc2 b5 31. c5 Be6 32. Qb2 Nd7 33. h3 Nf8 34. Nh2 Ng6 35. Bf1
Rd8 36. Nb1 Bb3 37. Rd2 Red7 38. Ree2 Bc4 39. Rxd7 Rxd7 40. Rd2 Bxf1 41. Nxf1
Ne6 42. Rxd7 Qxd7 43. Qd2 Nd4 44. Nh2 Qe6 45. Kf2 Qb3 46. Bb2 Qc4 47. Bc3 Qb3
48. Bb2 Nh4 49. Nc3 Qc4 50. Bc1 Kh7 51. Bb2 Kg6 52. Nd1 Kh7 53. Nc3 Qb3 54. Qc1
Qc4 55. Qd2 Bf6 56. Ne2 Nxe2 57. Qxe2 Qe6 58. Qd2 Kg6 1/2-1/2

[Event "Mercredi 2019.04.03 ABCD"]
[Site "Montreal CAN"]
[Date "2019.04.03"]
[Round "1"]
[White "Nunez, Omar"]
[Black "Beaulieu, Pierre"]
[Result "1-0"]
[WhiteElo "1889"]
[BlackElo "1862"]
[PlyCount "44"]
[EventDate "2019.04.03"]
[EventType "tourn"]
[EventRounds "5"]
[EventCountry "CAN"]

1. f4 b6 2. Nf3 Bb7 3. g3 e6 4. Bg2 Be7 5. d3 h5 6. Nc3 d6 7. e3 Nd7 8. Qe2 a6
9. Bd2 c5 10. O-O-O b5 11. Rhe1 b4 12. Ne4 Qa5 13. Kb1 c4 14. Nd4 d5 15. Ng5 c3
16. Bc1 Qb6 17. h4 Nc5 18. b3 a5 19. e4 a4 20. exd5 axb3 21. cxb3 Bxd5 22. Bxd5
exd5 1-0

[Event "Mercredi 2019.04.03 ABCD"]
[Site "Montreal CAN"]
[Date "2019.04.03"]
[Round "1"]
[White "O'Neill, Brendon"]
[Black "Sanyal, Prateek"]
[Result "1-0"]
[WhiteElo "1735"]
[BlackElo "1674"]
[PlyCount "35"]
[EventDate "2019.04.03"]
[EventType "tourn"]
[EventRounds "5"]
[EventCountry "CAN"]

1. e4 c5 2. Nf3 d6 3. d4 cxd4 4. Nxd4 Nf6 5. Nc3 g6 6. Be3 Bg7 7. Qd2 Nc6 8. f3
O-O 9. O-O-O a6 10. g4 Nxd4 11. Bxd4 b5 12. h4 Be6 13. h5 b4 14. Nd5 Nxd5 15.
Bxg7 Kxg7 16. exd5 Bd7 17. hxg6 Kh8 18. Qh6 1-0

[Event "Mercredi 2019.04.03 ABCD"]
[Site "Montreal CAN"]
[Date "2019.04.03"]
[Round "1"]
[White "Pomerantz, Daniel"]
[Black "Abdelaal, Ibrahim"]
[Result "1-0"]
[WhiteElo "2175"]
[BlackElo "2061"]
[PlyCount "64"]
[EventDate "2019.04.03"]
[EventType "tourn"]
[EventRounds "5"]
[EventCountry "CAN"]

1. e4 d5 2. exd5 Nf6 3. Bb5+ c6 4. dxc6 Nxc6 5. Nf3 Bg4 6. O-O e6 7. Nc3 Bd6 8.
Be2 a6 9. d3 Qc7 10. h3 h5 11. Be3 O-O-O 12. Nd2 Bh2+ 13. Kh1 Bxe2 14. Qxe2 Bf4
15. Bxf4 Qxf4 16. Qe3 Qb4 17. Nde4 Nd4 18. Nxf6 gxf6 19. Ne4 Qe7 20. Rac1 Kb8
21. c3 Nf5 22. Qf4+ Ka8 23. d4 h4 24. b4 Rh5 25. Qf3 Rh6 26. a4 Rd5 27. b5 a5
28. b6 Nd6 29. Qf4 Rg6 30. Nxd6 Rxd6 31. Rb1 e5 32. Qxh4 exd4 1-0

[Event "Mercredi 2019.04.03 ABCD"]
[Site "Montreal CAN"]
[Date "2019.04.10"]
[Round "2"]
[White "Abdelaal, Ibrahim"]
[Black "Zheng, Richard"]
[Result "0-1"]
[WhiteElo "2061"]
[BlackElo "2150"]
[PlyCount "44"]
[EventDate "2019.04.03"]
[EventType "tourn"]
[EventRounds "5"]
[EventCountry "CAN"]

1. e4 c6 2. d4 d5 3. e5 c5 4. c3 Nc6 5. Bb5 Qb6 6. Bxc6+ bxc6 7. dxc5 Qxc5 8.
Be3 Qa5 9. Ne2 e6 10. O-O Ne7 11. b4 Qc7 12. f4 Nf5 13. Bf2 h5 14. Nd4 g6 15.
Nxf5 gxf5 16. Qd4 Ba6 17. Rc1 c5 18. bxc5 Rc8 19. c6 Qxc6 20. Qxa7 d4 21. Bxd4
Rg8 22. Rc2 Bb7 0-1

[Event "Mercredi 2019.04.03 ABCD"]
[Site "Montreal CAN"]
[Date "2019.04.10"]
[Round "2"]
[White "Baran, Marius"]
[Black "Gates, Claude-Eric"]
[Result "0-1"]
[WhiteElo "1845"]
[BlackElo "1835"]
[PlyCount "48"]
[EventDate "2019.04.03"]
[EventType "tourn"]
[EventRounds "5"]
[EventCountry "CAN"]

1. e4 e5 2. Nf3 Nc6 3. d4 exd4 4. Bc4 Nf6 5. e5 d5 6. Bb5 Ne4 7. Nxd4 Bd7 8.
Bxc6 bxc6 9. O-O Bc5 10. f3 Ng5 11. f4 Ne4 12. Nc3 Nxc3 13. bxc3 O-O 14. Be3
Qe7 15. Qf3 Bxd4 16. cxd4 Bf5 17. Qe2 Rab8 18. g4 Be4 19. f5 Qh4 20. Rab1 Rb6
21. Rxb6 axb6 22. Rf4 Ra8 23. c4 Ra3 24. Kf1 Bd3 0-1